00655nam a22001697a 4500008004100000040005500041080001500096100001500111245010300126260005300229300000900282650001300291653001300304942001300317999001700330952013800347230329b |||||||| |||| 00| 0 eng d aNational Science LibrarycNational Science Library aT 57.063.7 aBhat, D M  aBiological species diversity in some localities in western ghatsc/ Indian Institute of Technology aMadras, bIndian Institute of Technology, c1986 a14p. aBiology  aSpecies  2udccREP c58312d58312 00102udc406T_570637709111252aNSLbNSLcFF/Rk-2/C-12/R-5d1995-01-06l0oT 57.063.7pT 551r2023-08-08 00:00:00w1995-01-06yREP